|
|
|
|
| LEADER |
00736nam a2200217 a 4500 |
| 001 |
000625236 |
| 003 |
CZ BrMZK |
| 005 |
20150125211824.0 |
| 007 |
ta |
| 008 |
020925s1960 xo f slo d |
| 040 |
|
|
|a BOA001
|b cze
|c BOA001
|
| 100 |
1 |
|
|a Sysel, Miroslav
|7 xx0013565
|4 aut
|
| 245 |
1 |
0 |
|a Tarifný kvalifikačný katalóg priebežných povolaní /
|c Miroslav Sysel a Jiří Dvořák
|
| 260 |
|
|
|a Bratislava :
|b Práca,
|c 1960
|
| 300 |
|
|
|a 159 s.
|
| 490 |
1 |
|
|a Knižnica odborových sväzov ;
|v zv. 6
|
| 700 |
1 |
|
|a Dvořák, Jiří,
|c ekonom
|4 aut
|
| 830 |
|
0 |
|a Knižnica odborových sväzov
|
| 910 |
|
|
|a BOA001
|b 2-0443.527
|
| 990 |
|
|
|a BK
|
| 996 |
7 |
|
|b 2619697356
|c 2-0443.527
|l MZK
|r Sklad / do 24 hodin
|n 1
|w 000625236
|u 000010
|a 1
|e BOA001
|j MZK50
|s A
|